Logische Eliminierung - Klick Quiz: Länder #2 - Statistiken

Allgemein
  • Dieses Quiz wurde 382 mal gespielt
  • Das Durchschnittsergebnis liegt bei 9 aus 15
Antwortstatistiken
Hint Extra Hint Antwort % Korrekt
Ich liege im Himalaya Möglich: 1 Nepal
91%
Ich bin das größte Land Möglich: 1 Russland
91%
Meine Hauptstadt beginnt mit M Möglich: 2 Mexiko
77%
Ich grenze an das Schwarze Meer Möglich: 2 Türkei
75%
Ich war der Ursprungsort der Renaissance Möglich: 1 Italien
73%
In meinem Land liegt ein weiteres Land, welches ich umschließe Möglich: 2 Südafrika
65%
Ich liege in der Sahara Möglich: 2 Tschad
58%
Ich beginne mit einem Vokal Möglich: 3 Australien
57%
Ich liege am Nullmeridian Möglich: 2 Vereinigtes Königreich
57%
Ich liege in Afrika Möglich: 4 DR Kongo
53%
Ich habe einen Halbmond auf meiner Flagge Möglich: 3 Algerien
45%
Ich grenze an die Karibik Möglich: 2 Panama
34%
Ich ende mit einem Konsonant Möglich: 9 Vietnam
31%
Ich habe keine Sterne auf meiner Flagge Möglich: 7 Bahamas
29%
Ich bin das übrige Land Möglich: 15 Chile
29%
Keine übereinstimmenden Quizze gefunden
Verteilung der Resultate
Anzahl Personen mit jedem Resultat
Perzentil nach korrekt beantworteten Fragen
Ihre Resultats-Entwicklung
Sie haben dieses Quiz noch nicht gespielt